000 00760nam a2200169 a 4500
008 070219s2005 xx |||||||||||||| || u
050 _aTHE/CHI/ST/21/2005
100 _aChikange, David Chanda
245 1 0 _aFire detection/suppression system
_cthesis by David Chanda Chikange, Brian Muuka, and Dominic Kalemba and supervised by Jones Bukuku
260 _a
_bCopperbelt University, School of Technology, Electrical Engineering Department
_c2005
350 _a0.00
650 0 _aELECTRONICS
650 _aELECTRIC ENGINEERING
700 _aMuuka, Brian
700 _aKalemba, Dominic
995 _D0.00
_FCBU-MAIN LIBRARY (Kitwe)
_H1
_I0.00
_M1
_UAVAILABLE
_WFeb 19, 2007
_ZUniversity Collection
999 _c43518
_d43518